000 00594nam a22001697a 4500
003 OSt
005 20171010095509.0
008 120813t xxu||||| |||| 00| 0 eng d
040 _aMMSU
_cULS
100 _aAgulay, Angelita V.
_912021
245 _aEnvironmental factors and the extension productivity of the Mariano Marcos State University
_cAngelita V. Agulay
260 _c1993
300 _axiii, 79 leaves
_c28 cm.
500 _aThesis (MS Rural Development) -- Mariano Marcos State University-Graduate School, Laoag City
504 _aBibliography: leaves 66-67
942 _2ddc
_cTHEDIS
999 _c9704
_d9704